[Event "GER-ch U25 op-B"]
[Site "Oberhof"]
[Date "2013.05.25"]
[Round "9"]
[White "Arnold, Alexandria"]
[Black "Berg, Robert"]
[Result "1-0"]
[WhiteElo "999"]
[BlackElo "1174"]
[PlyCount "63"]
[EventDate "2013.05.19"]
[EventType "swiss"]
[EventRounds "9"]
[EventCountry "GER"]
[SourceTitle "CBM 154 Extra"]
[Source "ChessBase"]
[SourceDate "2013.06.25"]
[SourceVersion "2"]
[SourceVersionDate "2013.06.25"]
[SourceQuality "1"]

1. e4 d5 2. exd5 Qxd5 3. Nc3 Qa5 4. Nf3 Nf6 5. d4 e6 6. Bd2 Bd6 7. Be2 0-0 8. 0-0 Qh5 9. h3 Nc6 10. Ne5 Qh4 11. Nf3 Qh5 12. a3 Qg6 13. Nh4 Nxd4 14. Nxg6 fxg6 15. Bg5 e5 16. Bc4+ Kh8 17. Ne2 Ng4 18. Nxd4 exd4 19. hxg4 h6 20. Bh4 Bd7 21. Qxd4 Rf4 22. Qd3 Bf5 23. gxf5 Rxh4 24. g3 Rh3 25. fxg6 Rf8 26. Qd5 c6 27. Qxd6 Re8 28. Qd7 Rb8 29. Qxh3 Rd8 30. Rad1 Re8 31. Qd7 a6 32. Qxe8# 1-0

[Event "GER-ch U25 op-B"]
[Site "Oberhof"]
[Date "2013.05.21"]
[Round "4"]
[White "Berg, Robert"]
[Black "Lilienthal, Niels Bennett"]
[Result "1-0"]
[WhiteElo "1174"]
[BlackElo "983"]
[PlyCount "47"]
[EventDate "2013.05.19"]
[EventType "swiss"]
[EventRounds "9"]
[EventCountry "GER"]
[SourceTitle "CBM 154 Extra"]
[Source "ChessBase"]
[SourceDate "2013.06.25"]
[SourceVersion "2"]
[SourceVersionDate "2013.06.25"]
[SourceQuality "1"]

1. d4 d5 2. Nf3 Nf6 3. e3 Bf5 4. Bd3 Bg6 5. 0-0 e6 6. Nbd2 Nbd7 7. Re1 c5 8. Bxg6 fxg6 9. c3 Bd6 10. Qc2 0-0 11. e4 e5 12. exd5 exd4 13. cxd4 cxd4 14. Nxd4 Nxd5 15. Qb3 N7b6 16. N2f3 Qd7 17. Be3 Kh8 18. Nb5 Nxe3 19. Rxe3 Rfe8 20. Rd3 Re6 21. Nc7 Qxc7 22. Qxe6 Rd8 23. Rad1 Nc8 24. Ne5 1-0

[Event "GER-ch U25 op-B"]
[Site "Oberhof"]
[Date "2013.05.20"]
[Round "3"]
[White "Pixa, Ulrich"]
[Black "Berg, Robert"]
[Result "1-0"]
[WhiteElo "1518"]
[BlackElo "1174"]
[PlyCount "59"]
[EventDate "2013.05.19"]
[EventType "swiss"]
[EventRounds "9"]
[EventCountry "GER"]
[SourceTitle "CBM 154 Extra"]
[Source "ChessBase"]
[SourceDate "2013.06.25"]
[SourceVersion "2"]
[SourceVersionDate "2013.06.25"]
[SourceQuality "1"]

1. e4 d5 2. exd5 Qxd5 3. Nc3 Qa5 4. d4 Nf6 5. Bc4 e6 6. Bf4 Bb4 7. Nge2 0-0 8. a3 Bd6 9. 0-0 Nc6 10. b4 Qb6 11. Na4 Bxf4 12. Nxb6 Bxh2+ 13. Kxh2 axb6 14. Bb5 Ne7 15. Nf4 c6 16. Be2 Rd8 17. c3 Nf5 18. Qc2 c5 19. bxc5 bxc5 20. dxc5 e5 21. Bd3 Ng4+ 22. Kg1 Nh4 23. Rfd1 Bd7 24. Ne2 Bc6 25. Bxh7+ Kh8 26. Rxd8+ Rxd8 27. Be4 Bxe4 28. Qxe4 Rg8 29. Qxg4 b6 30. Qxh4# 1-0

[Event "GER-ch U25 op-B"]
[Site "Oberhof"]
[Date "2013.05.19"]
[Round "2"]
[White "Chung, Nicholas"]
[Black "Berg, Robert"]
[Result "0-1"]
[WhiteElo "946"]
[BlackElo "1174"]
[PlyCount "30"]
[EventDate "2013.05.19"]
[EventType "swiss"]
[EventRounds "9"]
[EventCountry "GER"]
[SourceTitle "CBM 154 Extra"]
[Source "ChessBase"]
[SourceDate "2013.06.25"]
[SourceVersion "2"]
[SourceVersionDate "2013.06.25"]
[SourceQuality "1"]

1. e4 d5 2. exd5 Qxd5 3. Nc3 Qa5 4. Nf3 Nf6 5. Bc4 e6 6. a3 Nc6 7. b4 Bxb4 8. Bb2 Bd6 9. 0-0 Bd7 10. Qe2 0-0-0 11. d4 Kb8 12. Ng5 Qxg5 13. h3 Nxd4 14. Qd3 Qe5 15. g3 Bc6 0-1